000 01213nam a2200349 i 4500
999 _c65650
_d65650
001 768714001
003 CO-MdFUSB
005 20200625191909.0
007 ta
008 200404t1998 mau |||| |||| 00| 0 eng d
020 _a9781565632370
040 _aCO-MdFUSB
_bspa
_cCO-MdFUSB
_dCO-MdFUSBC
_erda
041 _aeng
082 _223
_a226.506
_bW527
100 _aWestermann, Claus
_eautor
245 4 _aThe Gospel of John in the light of the Old Testament
_c/ Claus Westermann
264 1 _aMassachusetts :
_bHendrickson Publishers,
_c[1998]
264 4 _c © 1998
300 _a106 páginas
_c; 21 cm
336 _2rdacontent
_asonidos
_btxt
337 _2rdamedia
_asin mediación
_bn
338 _2rdacarrier
_avolumen
_bnc
500 _aColección Dawn Christina Harrell
505 _aLos componentes del evangelio. -- Los diálogos de controversia. -- El significado del Antiguo Testamento para el Evangelio de Juan.
563 _aRústico
630 0 7 _aBiblia
_xCrítica, interpretación, etc.
630 7 _aBiblia.
_xCrítica, interpretación, etc.
_pJuan
630 0 _aEl Antiguo Testamento en el Nuevo Testamento
942 _cBK
945 _aJTF-925
_bAEM-53